A textbook of Geology (Record no. 93240)

MARC details
000 -LEADER
campo de control de longitud fija 00560nam a2200169 i 4500
001 - NÚMERO DE CONTROL
campo de control 93240
003 - IDENTIFICADOR DE NÚMERO DE CONTROL
campo de control ES-MaACL
007 - CAMPO FIJO DE DESCRIPCIÓN FÍSICA--INFORMACIÓN GENERAL
campo de control de longitud fija t|
008 - DATOS DE LONGITUD FIJA--INFORMACIÓN GENERAL
campo de control de longitud fija 050408s1932 xxu ||||1| eng d
100 1# - ENTRADA PRINCIPAL--NOMBRE DE PERSONA
Nombre de persona Longwell, Chester R.
9 (RLIN) 73259
245 12 - MENCIÓN DEL TÍTULO
Título A textbook of Geology
Resto del título : part. I-Physical Geology /
Mención de responsabilidad, etc. by Chester R. Longwell, Adolph Knopf and Richard F. Flint.
260 ## - PUBLICACIÓN, DISTRIBUCIÓN, ETC.
Lugar de publicación, distribución, etc. New York :
Nombre del editor, distribuidor, etc. John Wiley & Sons,
Fecha de publicación, distribución, etc. 1932.
300 ## - DESCRIPCIÓN FÍSICA
Extensión VII, 514 p., 1 lám. :
Otras características físicas il. ;
Dimensiones 24 cm.
700 1# - ENTRADA AGREGADA--NOMBRE PERSONAL
Nombre de persona Knopf, Adolph.
9 (RLIN) 68363
700 1# - ENTRADA AGREGADA--NOMBRE PERSONAL
Nombre de persona Flint, Richard F.
9 (RLIN) 51220
852 ## - LOCALIZACIÓN
Ubicación ES-MaACL
Número de control de estantería C-8121
Holdings
Estatus retirado Estado de pérdida Estado de daño No para préstamo Biblioteca de origen Biblioteca actual Ubicación en estantería Fecha de adquisición Fuente de adquisición Total de préstamos Signatura topográfica completa Código de barras Visto por última vez Precio de reemplazo Tipo de ítem Koha
        Biblioteca del Ateneo de Madrid Biblioteca del Ateneo de Madrid Sala Palomar 17/01/2008     C-8121 1097325 23/02/2023 23/02/2023 Libro impreso